000 00391nam a2200145Ia 4500
008 231221s9999 xx 000 0 und d
041 _aEnglish
082 _a621.381537 FLO;1
100 _aFlood, J E
245 0 _aTelecommunication switching traffic and networks
260 _c1999
_bNew Delhi : Pearson Education,
300 _axviii+310
500 _areplaced/EC/4464
942 _cBK
999 _c200172
_d200172